[Event "Alma Ata"]
[Site "Alma Ata"]
[Date "1995.??.??"]
[Round "4"]
[White "Fominyh, Alexander"]
[Black "Varavin, Viktor"]
[Result "1/2-1/2"]
[WhiteElo "2520"]
[BlackElo "2520"]

1.d4 Nf6 2.Nf3 d6 3.c4 g6 4.g3 Bg7 5.Bg2 O-O 6.O-O Nbd7 7.Qc2 e5 8.Rd1 Re8
9.e4 c6 10.Nc3 a5 11.b3 exd4 12.Nxd4 Qb6 13.Na4 Qa7 14.Bb2 Nc5 15.Nxc5 Qxc5
16.h3 Bd7 17.a4 Rad8 18.Rd2 Qh5 19.g4 Qg5 20.Re2 Qc5 21.Nf3 d5 22.exd5 Rxe2
23.Qxe2 Re8 24.Ne5 cxd5 25.Nxd7 Rxe2 26.Nxc5 Rxb2 27.cxd5 b6 28.Nb7 Nxd5
29.Bxd5 Rd2 30.Rc1 Rxd5 31.Rc8+ Bf8 32.Rc6 b5 33.Ra6  1/2-1/2

[Event "Alma Ata"]
[Site "Alma Ata"]
[Date "1995.??.??"]
[Round "9"]
[White "Fominyh, Alexander"]
[Black "Dzuban, Oleg I"]
[Result "1-0"]
[WhiteElo "2520"]
[BlackElo "2440"]

1.d4 g6 2.Nf3 Bg7 3.c4 d6 4.g3 Nf6 5.Bg2 O-O 6.O-O Na6 7.Nc3 c5 8.h3 Bd7
9.b3 Rb8 10.e4 cxd4 11.Nxd4 Nc5 12.Be3 a6 13.a4 a5 14.Ra2 Ne8 15.Qb1 Nc7
16.Rd1 N7a6 17.Re2 Bc6 18.Ndb5 Qe8 19.Nd5 Kh8 20.Bg5 f6 21.Bd2 b6 22.Bc3 Qf7
23.f4 Nd7 24.Rf1 Nac5 25.e5 dxe5 26.fxe5 f5 27.e6 Nxe6 28.Bxg7+ Kxg7 29.Qa1+ Kh6
30.Qc1+ g5 31.h4 Rg8 32.Ne3 Bxg2 33.Nxf5+ Kh5 34.hxg5 Nxg5 35.Rf4  1-0

[Event "Ankara zt"]
[Site "Ankara"]
[Date "1995.??.??"]
[Round "5"]
[White "Janjgava, Lasha"]
[Black "Bagaturov, Giorgi"]
[Result "1-0"]
[WhiteElo "2500"]
[BlackElo "2460"]

1.d4 Nf6 2.Nf3 g6 3.c4 Bg7 4.g3 O-O 5.Bg2 d6 6.Nc3 c6 7.O-O Qa5 8.e4 e5 9.h3 exd4
10.Nxd4 Qc5 11.Nde2 Qxc4 12.Qxd6 Ne8 13.Qf4 f5 14.exf5 Qxf4 15.Bxf4 Bxf5
16.Rad1 Na6 17.Nd4 Bd7 18.Nb3 Bf5 19.Na5 Nc5 20.Be3 Nd3 21.Na4 Nxb2 22.Nxb2 Bxb2
23.Nxb7 Rc8 24.Na5 Ba3 25.Nxc6 Bxh3 26.Bxh3 Rxc6 27.Bxa7 Ra6 28.Bd4 Nf6 29.Rfe1 Bb4
30.Re6 Rxe6 31.Bxe6+ Kg7 32.Bb3 Rc8 33.Kg2 g5 34.Rd3 Kg6 35.Re3 Rc6 36.Re6 Rxe6
37.Bxe6 Ba3 38.Bc4 h5 39.Bd3+ Kf7 40.Be3 g4 41.Kf1 Nd7 42.Ke2 Ne5 43.Bb5 Nf3
44.Bc6 Ne5 45.Ba4 Nf3 46.Kd3 Kf6 47.Ke4 Ng5+ 48.Kd5 Nf3 49.Bd7 Ke7 50.Bf5 Kf6
51.Be4 Ng5 52.Bd4+ Kf7 53.Bc2 Nf3 54.Bc5 Bxc5 55.Kxc5 Ke6 56.a4 Kd7 57.a5 Kc7
58.a6  1-0

[Event "BEL-chT9596"]
[Site "Antwerp"]
[Date "1995.??.??"]
[Round "3"]
[White "Meulders, Richard"]
[Black "Van Laatum, Gozewijn"]
[Result "0-1"]
[WhiteElo "2295"]
[BlackElo "2345"]

1.d4 Nf6 2.c4 g6 3.Nf3 Bg7 4.g3 O-O 5.Bg2 d6 6.O-O Nbd7 7.Qc2 e5 8.Rd1 exd4
9.Nxd4 Re8 10.Nc3 c6 11.b3 Nc5 12.Bb2 Qe7 13.b4 Ne6 14.Nf3 Nc7 15.b5 Bf5
16.Qd2 Ne4 17.Nxe4 Bxb2 18.Qxb2 Bxe4 19.Rd2 d5 20.bxc6 bxc6 21.cxd5 Bxd5
22.Rc1 Rab8 23.Qc3 Nb5 24.Qc5 Qxc5 25.Rxc5 Nd6 26.Rc1 Nc4 27.Rd4 Nd6 28.e3 Rb2
29.Rd2 Reb8 30.Rxb2 Rxb2 31.Nd4 Rxa2 32.f3 Nf5 33.Nxf5 gxf5 34.e4 fxe4 35.fxe4 Be6
36.Rxc6 a5 37.Ra6 Ra1+ 38.Kf2 a4  0-1

[Event "ARG-ch"]
[Site "?"]
[Date "1995.??.??"]
[Round "6"]
[White "Hoffman, Alejandro"]
[Black "Ricardi, Pablo"]
[Result "1/2-1/2"]
[WhiteElo "2495"]
[BlackElo "2545"]

1.d4 Nf6 2.c4 g6 3.Nf3 Bg7 4.g3 O-O 5.Bg2 d6 6.Nc3 Nc6 7.d5 Na5 8.Nd2 c6
9.O-O cxd5 10.cxd5 Bd7 11.Nf3 Rc8 12.h3 b5 13.a3 Rxc3 14.bxc3 Ne4 15.Bd2 Qc8
16.Qc2 Bf5 17.Qa2 Nc4 18.Be1 Bxh3 19.Qb1 Bxg2 20.Kxg2 Nxc3 21.Bxc3 Bxc3 22.Ra2 a6
23.Rc1 Bf6 24.a4 Qc5 25.Qd3 Rc8 26.Rac2 Rf8 27.axb5 axb5 28.Nd2 Ne5 29.Qb3 Qb6
30.Ne4 Bg7 31.e3 h6 32.Rc8 Rxc8 33.Rxc8+ Kh7 34.Rc1 Qb7 35.Rd1 Qd7 36.Nd2 Qg4
37.f3 Qd7 38.Rc1 h5 39.Rc2 Bh6 40.f4 Qg4 41.Nf1 Qf3+ 42.Kg1 Ng4 43.Qxb5 Bg7
44.Qd3 Nf6 45.Rf2 Qxd5 46.Qxd5 Nxd5 47.Kg2 f5 48.Kf3 Nc3 49.Nd2 d5 50.Kg2  1/2-1/2

[Event "ARG-ch"]
[Site "?"]
[Date "1995.??.??"]
[Round "10"]
[White "Slipak, Sergio"]
[Black "Zarnicki, Pablo"]
[Result "1-0"]
[WhiteElo "2520"]
[BlackElo "2570"]

1.d4 Nf6 2.Nf3 g6 3.c4 Bg7 4.g3 O-O 5.Bg2 d6 6.Nc3 Nc6 7.O-O Bf5 8.Re1 Ne4
9.Nd5 Bd7 10.Be3 e6 11.Nf4 Ne7 12.Qc2 Nf6 13.Bd2 c5 14.dxc5 dxc5 15.Ne5 Qc7
16.Nfd3 Nc6 17.Bf4 Nd4 18.Qd2 Qb6 19.Be3 Bc6 20.Nxc6 bxc6 21.Nxc5 e5 22.Nb3 Nxb3
23.axb3 Qxb3 24.Bxc6 Rac8 25.Bb5 Rfd8 26.Ra3 Qxa3 27.Qxd8+ Rxd8 28.bxa3 a6
29.Bxa6 Ra8 30.Bb7 Rxa3 31.Rd1 Bf8 32.c5 Rxe3 33.fxe3 Bxc5 34.h3 Bxe3+ 35.Kg2 h5
36.Kf3 Bc5 37.Bc6 Kg7 38.Rb1 Ng8 39.Rb5 Bd6 40.Rd5 Bc7 41.Rd7 Bb6 42.Bd5 Nh6
43.g4 hxg4+ 44.hxg4 g5 45.Rb7 Bd4 46.Be6 Kf6 47.Bd7 Ng8 48.Ke4 Kg6 49.Bf5+ Kg7
50.Be6 Nh6 51.Bd7 Kf6 52.e3 Bc3 53.Rb3 Ba5 54.Ra3 Bc7 55.Ra7 Bd8 56.Ra6+ Kg7
57.Kxe5 Ng8 58.Bf5 Bc7+ 59.Kd4 Bg3 60.e4 Ne7 61.e5 Bf4 62.Ke4 Ng8 63.Ra7 Kf8
64.Ra8+ Kg7 65.Re8 Bd2 66.Bd7 Bf4 67.Bb5 Nh6 68.Be2 Kg6 69.Re7 Kg7 70.Rb7 Kf8
71.Bc4 Bd2 72.Ra7 Bc1 73.e6 fxe6 74.Bxe6 Bb2 75.Kd3 Be5 76.Rh7 Bg7 77.Ke4 Ng8
78.Bxg8 Kxg8 79.Rh5 Bf6 80.Kf5  1-0

[Event "ARG-ch"]
[Site "?"]
[Date "1995.??.??"]
[Round "14"]
[White "Ricardi, Pablo"]
[Black "Spangenberg, Hugo"]
[Result "1-0"]
[WhiteElo "2545"]
[BlackElo "2490"]

1.d4 Nf6 2.c4 g6 3.Nf3 Bg7 4.g3 O-O 5.Bg2 d6 6.O-O c6 7.Nc3 Qa5 8.e4 e5 9.d5 cxd5
10.cxd5 b5 11.Nd2 b4 12.Ncb1 Ba6 13.Re1 Rc8 14.Nb3 Qa4 15.a3 Bc4 16.N3d2 Qxd1
17.Rxd1 Be2 18.Re1 Na6 19.Nb3 Bd3 20.Bd2 Rab8 21.Na5 bxa3 22.Rxa3 Bxb1 23.Rxb1 Rc2
24.Bc3 Nc5 25.Nc6 Rb7 26.Nb4 Rxc3 27.bxc3 Nfxe4 28.Bxe4 Nxe4 29.Rba1 Bh6
30.Rxa7 Rxa7 31.Rxa7 Nxc3 32.Ra8+ Kg7 33.Ra6 e4 34.Rxd6 e3 35.f4 e2 36.Nd3 Ne4
37.Rc6 g5 38.fxg5 Bxg5 39.Kg2 Bd2 40.Kf3 Nc3 41.d6 Kf6 42.d7+ Ke7 43.Rd6 Kd8
44.Nc5 e1=N+ 45.Kg4  1-0

[Event "AUT-chT2O 9495"]
[Site "?"]
[Date "1995.??.??"]
[Round "?"]
[White "Maly, Martin"]
[Black "Portisch, Ferenc"]
[Result "0-1"]
[WhiteElo "2245"]
[BlackElo "2390"]

1.d4 Nf6 2.Nf3 g6 3.c4 Bg7 4.g3 O-O 5.Bg2 d6 6.O-O Nbd7 7.Nc3 e5 8.e4 Re8
9.d5 Nc5 10.Ne1 a5 11.b3 c6 12.dxc6 bxc6 13.Ba3 Nb7 14.Nc2 Qc7 15.Qe2 Nd7
16.Na4 Nf8 17.Rad1 Ne6 18.Bb2 Nbc5 19.Ba3 Nxa4 20.Bxd6 Nc3 21.Qd2 Rd8 22.Bxc7 Rxd2
23.Rxd2 Nxc7 24.Ne3 Bf8 25.Rc2 Bb4 26.a3 Bxa3 27.Rxc3 Ne6 28.Nc2 Bc5 29.Rd3 Nd4
30.Nxd4 Bxd4 31.Rb1 c5 32.Kf1 Rb8 33.Rbd1 Be6 34.Bf3 a4 35.bxa4 Bxc4 36.Be2 Bxd3
37.Rxd3 Rb1+ 38.Rd1 Rb2 39.Rc1 Ra2 40.Rb1 Rxa4 41.Rb8+ Kg7 42.Rc8 Ra1+ 43.Kg2 Ra2
44.Kf1 g5 45.Rc7 Kg6 46.Rc6+ f6 47.h3 h5 48.g4 hxg4 49.hxg4 Ra1+ 50.Kg2 Ra2
51.Kf1 Ra1+ 52.Kg2 Kf7 53.Bc4+ Ke7 54.Re6+ Kd7 55.Rxf6 Rc1 56.Bd5 c4 57.Rc6 c3
58.Rc4 Rc2 59.Kh3 Rxf2 60.Bc6+ Kd6 61.Ba4 Re2 62.Bc6 Ra2 63.Kg3 c2  0-1

[Event "AUT-chT9495"]
[Site "?"]
[Date "1995.??.??"]
[Round "?"]
[White "Kaspret, Guido"]
[Black "Mohr, Georg"]
[Result "0-1"]
[WhiteElo "2310"]
[BlackElo "2430"]

1.d4 Nf6 2.Nf3 g6 3.c4 Bg7 4.g3 O-O 5.Bg2 d6 6.O-O Nc6 7.Nc3 Rb8 8.h3 a6
9.Be3 b5 10.d5 Na5 11.cxb5 axb5 12.Nd4 b4 13.Na4 e5 14.Nc6 Nxc6 15.dxc6 Be6
16.Qd2 Qc8 17.Kh2 Rb5 18.Rh1 e4 19.Bg5 Qa6 20.b3 Qxc6 21.Rac1 Qb7 22.Bxf6 Bxf6
23.Qc2 Rf5 24.Rhf1 Qb5 25.Bxe4 Rh5 26.Bg2 Bxh3 27.Kg1 Bxg2 28.Kxg2 Re8 29.e4 c5
30.Qc4 Qb7 31.Rce1 Bd4 32.f3 Rhe5 33.Qc1 d5 34.exd5 Re2+ 35.Rxe2 Rxe2+ 36.Kh3 Qd7+
37.g4 Qd6 38.Rh1 Bf2 39.f4 Qxd5  0-1

[Event "AUT-chT9495"]
[Site "?"]
[Date "1995.??.??"]
[Round "?"]
[White "Brestian, Egon"]
[Black "Opl, Klaus"]
[Result "1/2-1/2"]
[WhiteElo "2445"]
[BlackElo "2315"]

1.d4 Nf6 2.Nf3 g6 3.g3 Bg7 4.Bg2 O-O 5.c4 d6 6.O-O Nbd7 7.Nc3 e5 8.d5 Nh5
9.e4 Nb6 10.Qe2 Bg4 11.h3 Bd7 12.Bd2 Qe8 13.b4 f5 14.c5 Na4 15.Rfc1 Nxc3
16.Rxc3 fxe4 17.Ng5 Nf6 18.cxd6 cxd6 19.Nxe4 Nxe4 20.Bxe4 Bb5 21.Qe3 Qd7
22.Kg2 Bf6 23.Rac1 Bd8 24.Qh6 Bb6 25.Be3 Qf7 26.a3 Bxe3 27.Qxe3 b6 28.h4 Bd7
29.h5 gxh5 30.Qg5+ Kh8 31.Rf3 Qg7 32.Qxg7+ Kxg7 33.Rc7 Rxf3 34.Kxf3 Rf8+
35.Ke3 Rf7 36.Rxa7 Bb5 37.Rxf7+ Kxf7 38.Bxh7 Bc4 39.Be4 Kf6 40.a4 Kg5 41.a5 bxa5
42.bxa5 h4 43.gxh4+ Kxh4 44.f4 exf4+ 45.Kxf4 Kh3 46.Kf5 Kg3 47.Ke6 Kf4 48.Bg2 Ke3
49.Kxd6  1/2-1/2

[Event "AUT-chT2S 9596"]
[Site "AUT"]
[Date "1995.??.??"]
[Round "?"]
[White "Loebler, Heimo"]
[Black "Klocker, Hartmut"]
[Result "1/2-1/2"]
[WhiteElo "2250"]
[BlackElo "2205"]

1.d4 g6 2.c4 Nf6 3.Nf3 Bg7 4.g3 O-O 5.Bg2 d6 6.Nc3 c6 7.O-O Qa5 8.h3 Be6
9.Qd3 Qa6 10.b3 d5 11.Ne5 dxc4 12.Nxc4 Nbd7 13.Nb2 Qxd3 14.Nxd3 Nd5 15.Nxd5 Bxd5
16.Bb2 Bxg2  1/2-1/2

[Event "AUT-chT2S 9596"]
[Site "AUT"]
[Date "1995.??.??"]
[Round "?"]
[White "Nickl, Klaus"]
[Black "Smole, Albert"]
[Result "1-0"]
[WhiteElo "2185"]
[BlackElo "2205"]

1.d4 Nf6 2.Nf3 g6 3.c4 Bg7 4.g3 O-O 5.Bg2 d6 6.O-O c5 7.d5 Nbd7 8.Nc3 a6
9.a4 b6 10.h3 Rb8 11.Re1 Ne8 12.Bf4 Nc7 13.Qd2 b5 14.axb5 axb5 15.e4 bxc4
16.e5 Nb6 17.exd6 exd6 18.Bg5 f6 19.Bh6 Re8 20.Bxg7 Kxg7 21.h4 Rxe1+ 22.Rxe1 Bb7
23.Nh2 Qf8 24.Ng4 Re8 25.Rxe8 Nxe8 26.h5 Kh8 27.hxg6 hxg6 28.Ne2 Bc8 29.Nf4 Kh7
30.Ne6 Bxe6 31.dxe6 f5 32.Qf4 Nc8 33.Bc6 Nf6 34.Ne3 Qe7 35.Qxc4 Qc7 36.Qh4+ Kg7
37.Nxf5+ gxf5 38.Qg5+ Kh7 39.Qxf5+ Kg8 40.Qxf6 Qxc6 41.Qd8+ Kg7 42.Qd7+ Ne7
43.Qxe7+ Kh6 44.Qf6+ Kh7 45.e7  1-0

[Event "AUT-chT2S 9596"]
[Site "AUT"]
[Date "1995.??.??"]
[Round "?"]
[White "Ruck, Robert"]
[Black "Cigan, Stefan"]
[Result "1-0"]
[WhiteElo "2480"]
[BlackElo "2370"]

1.c4 g6 2.g3 Bg7 3.d4 Nf6 4.Bg2 O-O 5.Nf3 d6 6.O-O c5 7.b3 d5 8.cxd5 Nxd5
9.Bb2 Nc6 10.Qd2 cxd4 11.Nxd4 Ndb4 12.Nxc6 Nxc6 13.Bxg7 Kxg7 14.Qc3+ Kg8
15.Bxc6 bxc6 16.Nd2 Qd5 17.f3 Rd8 18.Ne4 Bf5 19.Nc5 Qd2 20.Qxd2 Rxd2 21.Kf2 Rad8
22.Rfc1 Bc2 23.Ke1 g5 24.Nb7 R8d5 25.Na5 Bd1 26.Nc4 Rxe2+ 27.Kf1 Rxh2 28.Rxd1 Rh1+
29.Ke2 Rh2+ 30.Ke3 Rxd1 31.Rxd1 Rxa2 32.Rd7 Kf8 33.Rc7 a5 34.Ra7 h5 35.Rxa5 Rxa5
36.Nxa5 c5 37.Nb7 f5 38.Nxc5 Kf7 39.f4 Kf6  1-0

[Event "AUT-chT2S 9596"]
[Site "AUT"]
[Date "1995.??.??"]
[Round "?"]
[White "Loebler, Heimo"]
[Black "Hanser, Michael"]
[Result "1-0"]
[WhiteElo "2250"]
[BlackElo "2240"]

1.d4 Nf6 2.c4 g6 3.Nf3 Bg7 4.g3 O-O 5.Bg2 d6 6.Nc3 Nbd7 7.O-O c6 8.e4 e5
9.h3 h6 10.Be3 Qa5 11.Rc1 Ne8 12.Qd2 Kh7 13.Qc2 Qc7 14.Rfd1 b6 15.Rd2 Ndf6
16.Rcd1 Be6 17.b3 Rc8 18.Qd3 Bd7 19.Qe2 Bh8 20.Rd3 Ng7 21.dxe5 dxe5 22.Nxe5 Qxe5
23.Bd4 Qe6 24.Bxf6 Qxf6 25.e5 Qe6 26.Rxd7 Nf5 27.g4 Nh4 28.f4 Nxg2 29.Kxg2 Kg8
30.R1d6 Qe8 31.Qd3 Bg7 32.Ne4 Kh8 33.h4 b5 34.c5 a5 35.g5 h5 36.Nf6 Bxf6
37.gxf6 b4 38.Qg3 Ra8 39.Qg5 Kh7 40.Re7  1-0

[Event "AUT-chT2O 9596"]
[Site "AUT"]
[Date "1995.??.??"]
[Round "5"]
[White "Wirius, Johannes"]
[Black "Schueller, Ernst"]
[Result "0-1"]
[WhiteElo "2305"]
[BlackElo "2240"]

1.d4 d6 2.Nf3 Nf6 3.g3 g6 4.Bg2 Bg7 5.c4 O-O 6.O-O Nc6 7.d5 Nb4 8.Nc3 a5
9.e4 e5 10.Ne1 Bg4 11.f3 Bd7 12.Be3 b6 13.a3 Na6 14.Rb1 Ne8 15.b4 axb4 16.axb4 f5
17.Nd3 fxe4 18.Nxe4 Nf6 19.Ndf2 Nxe4 20.Nxe4 Bf5 21.Bg5 Qe8 22.Qc2 c5 23.dxc6 Qxc6
24.b5 Bxe4 25.Qxe4 Qxe4 26.fxe4 Rxf1+ 27.Rxf1 Nc5 28.Be3 Ra3 29.Bxc5 dxc5
30.Bh3 h5 31.Rd1 Kh7 32.Rd6 Bh6 33.Be6 Be3+ 34.Kf1 Ra2 35.h3 Rf2+ 36.Ke1 Rg2
37.g4 hxg4 38.hxg4 Kh6 39.Bf5 Kg5 40.Bc8 Rc2 41.Rxb6 Rxc4 42.Re6 Bf4 43.b6 Rxe4+
44.Kd1 Rb4 45.b7 e4 46.Rc6 Kh4 47.Rxg6 Kg3 48.Rf6 e3 49.g5 Kf3 50.Rxf4+ Kxf4
51.g6 Kf3 52.Bg4+ Rxg4 53.b8=Q e2+ 54.Kc2 e1=Q 55.Qf8+ Kg2  0-1

[Event "Avoine op"]
[Site "Avoine"]
[Date "1995.??.??"]
[Round "3"]
[White "Heurtebize, Olivier"]
[Black "Istratescu, Andrei"]
[Result "0-1"]
[WhiteElo "2205"]
[BlackElo "2505"]

1.d4 Nf6 2.c4 g6 3.g3 Bg7 4.Bg2 O-O 5.Nf3 d6 6.O-O Nc6 7.d5 Na5 8.Nbd2 c5
9.e4 Rb8 10.a4 a6 11.Ne1 Bd7 12.Ra3 b5 13.axb5 axb5 14.b3 e6 15.Qc2 exd5
16.cxd5 b4 17.Ra1 Bb5 18.Nd3 Nxe4 19.Nxe4 Bxa1 20.Bg5 f6 21.Rxa1 fxg5 22.Bh3 Re8
23.Be6+ Rxe6 24.dxe6 Nc6 25.Rd1 Nd4 26.Qb2 Bc6 27.Nd2 Qf6 28.Kf1 Qxe6  0-1

[Event "Azov"]
[Site "Azov"]
[Date "1995.??.??"]
[Round "5"]
[White "Guliev, Sarhan"]
[Black "Poluljahov, Aleksandr"]
[Result "1/2-1/2"]
[WhiteElo "2470"]
[BlackElo "2450"]

1.d4 Nf6 2.c4 g6 3.g3 Bg7 4.Bg2 O-O 5.Nf3 d6 6.O-O Nbd7 7.Nc3 e5 8.e4 c6
9.h3 Re8 10.d5 c5 11.a3 Rf8 12.Bg5 h6 13.Be3 Ne8 14.Nh4 Kh7 15.b4 b6 16.Rb1 Bf6
17.Nf3 Bg7 18.g4 Nb8 19.bxc5 bxc5 20.Rb3 Nd7 21.Nd2 Bf6 22.Ne2 Bg5 23.f4 exf4
24.Bxf4 Bxf4 25.Nxf4 Qe7 26.Nf3 Ng7 27.Nd3 f6 28.h4 Ba6 29.Rc3 Rab8 30.Qc2 Ne5
31.Ndxe5 fxe5 32.g5 Nh5 33.gxh6 Nf4 34.Ng5+ Kxh6 35.Bh3 Rf6 36.Bg4 Bc8 37.Bxc8 Rxc8
38.Rb1 Qd7 39.Qd1 Rc7 40.Rcb3 Qa4 41.Kh2 Qxc4 42.Rb8 Rf8 43.Qd2 Rxb8 44.Rxb8 Kg7
45.Qb2 Qa6 46.Ne6+ Nxe6 47.dxe6 Rc8 48.Rb7+ Kg8 49.Rd7 Qf1 50.Qb7 Qf2+  1/2-1/2

[Event "Azov"]
[Site "Azov"]
[Date "1995.??.??"]
[Round "10"]
[White "Khlian, E."]
[Black "Ryskin, Alexander"]
[Result "0-1"]
[WhiteElo "2455"]
[BlackElo "2440"]

1.d4 Nf6 2.c4 g6 3.Nf3 Bg7 4.g3 O-O 5.Bg2 d6 6.O-O Nbd7 7.Nc3 e5 8.e4 c6
9.h3 exd4 10.Nxd4 Re8 11.Re1 a6 12.b3 Qe7 13.Be3 Rb8 14.Qd2 c5 15.Nc2 b5
16.cxb5 axb5 17.Rad1 b4 18.Na4 Bf8 19.Bf4 Ne5 20.Bg5 Bb7 21.f4 Ned7 22.e5 dxe5
23.Bxf6 Nxf6 24.Rxe5 Qc7 25.Bxb7 Qxb7 26.Rxe8 Rxe8 27.Re1 Rxe1+ 28.Qxe1 c4
29.Kh2 c3 30.Qe3 Qd5 31.Qf2 h5 32.Nxb4 Qd2 33.Kg2 h4 34.Nc2 hxg3 35.Kxg3 Nh5+
36.Kf3 Qxf4+ 37.Kg2 Qc1 38.Kf3 Nf4  0-1

[Event "Bad Endbach"]
[Site "Bad Endbach"]
[Date "1995.??.??"]
[Round "?"]
[White "Romanishin, Oleg M"]
[Black "Wahls, Matthias"]
[Result "1/2-1/2"]
[WhiteElo "2595"]
[BlackElo "2555"]

1.d4 Nf6 2.Nf3 g6 3.g3 Bg7 4.Bg2 O-O 5.c4 d6 6.O-O Nc6 7.Nc3 Bf5 8.d5 Na5
9.Nd4 Bd7 10.b3 c5 11.dxc6 bxc6 12.Bg5 h6 13.Bd2 Rb8 14.Nc2 c5 15.Ne3 Nc6
16.Ned5 Nxd5 17.cxd5 Nd4 18.Rc1 Qa5 19.e3 Nf5 20.Re1 Qb6 21.Bf1 e5 22.Qe2 Ne7
23.Qa6 f5 24.f3 Kh7 25.e4 fxe4 26.fxe4 h5 27.Qxb6 Rxb6 28.Nd1 Bh6 29.Bxh6 Kxh6
30.Ne3 Rbb8 31.Rc2 Kg7 32.Rf2 Rxf2 33.Kxf2 Kf6 34.Nc4 Nc8 35.Ke3 Ke7 36.Be2 Nb6
37.Na5 Na8 38.Rc1 Nc7 39.Rc2 Nb5 40.Bxb5 Rxb5 41.Nc4  1/2-1/2

[Event "Bad Ragaz op"]
[Site "Bad Ragaz"]
[Date "1995.??.??"]
[Round "?"]
[White "Cvitan, Ognjen"]
[Black "Bischoff, Peter"]
[Result "1-0"]
[WhiteElo "2520"]
[BlackElo "2215"]

1.d4 Nf6 2.Nf3 g6 3.c4 Bg7 4.g3 O-O 5.Bg2 d6 6.O-O Nbd7 7.Nc3 e5 8.e4 c6
9.h3 a5 10.Re1 exd4 11.Nxd4 Re8 12.Be3 Nc5 13.Qc2 Nfd7 14.b3 Ne6 15.Rad1 Qe7
16.f4 Ndc5 17.Nde2 h5 18.Qd2 Bf8 19.Bf2 Qf6 20.Rf1 Nd7 21.Be3 Be7 22.Nd4 Nef8
23.Nf3 Ne6 24.f5 gxf5 25.exf5 Qxf5 26.Ng5 Qe5 27.Nxf7 Qxg3 28.Ne4 Qg6 29.Nexd6 Bxd6
30.Nxd6 Re7 31.Nf5 Re8 32.Rf3 Ng7 33.Nh4 Qe6 34.Rg3 Nf6 35.Bh6 Re7 36.Qg5 Ne8
37.Nf5  1-0

[Event "Badenweiler op"]
[Site "Badenweiler"]
[Date "1995.??.??"]
[Round "7"]
[White "Toth, Bela"]
[Black "Schaefer, Michael"]
[Result "1-0"]
[WhiteElo "2400"]
[BlackElo "2200"]

1.d4 Nf6 2.c4 g6 3.Nf3 Bg7 4.g3 O-O 5.Bg2 d6 6.Nc3 Nbd7 7.O-O e5 8.h3 Re8
9.e4 exd4 10.Nxd4 Nc5 11.Re1 a5 12.Ndb5 Be6 13.b3 Nfd7 14.Be3 c6 15.Nd4 Ne5
16.Qc2 a4 17.Rad1 axb3 18.axb3 Qa5 19.f4 Ned7 20.f5 gxf5 21.exf5 Bxf5 22.Nxf5 Qxc3
23.Nh6+ Kf8 24.Qf2 Qf6 25.Nf5 Re5 26.Nxg7 Qxf2+ 27.Bxf2 Kxg7 28.Bd4 Nxb3
29.Bxe5+ Nxe5 30.Rxd6 Nxc4 31.Rd3 Nca5 32.Re7 Nc5 33.Rc3 Ne6 34.h4 Kf8 35.Rd7 Ke8
36.Rd1 Rc8 37.Bh3 c5 38.Rb1 Rc6 39.Bg2 Rc7 40.Rb5 Nc6 41.Rxb7 Rc8 42.Bxc6+ Rxc6
43.Ra3 Rc8 44.Raa7 Nd8 45.Rc7 Rxc7 46.Rxc7 Ne6 47.Rc8+ Ke7 48.Kf2 Kf6 49.Ke3 Kf5
50.Rg8 h5 51.g4+ hxg4 52.h5 Ng5 53.h6 Nh7 54.Rg7 Nf6 55.h7 Nxh7 56.Rxh7 Kg6
57.Rh8 Kg5 58.Rg8+ Kf5 59.Rc8 g3 60.Rg8  1-0

[Event "Baku Cup"]
[Site "Baku"]
[Date "1995.??.??"]
[Round "?"]
[White "Mochalov, Evgeny V"]
[Black "Bakhtadze, Giorgi"]
[Result "1-0"]
[WhiteElo "2455"]
[BlackElo "2275"]

1.d4 Nf6 2.c4 g6 3.g3 Bg7 4.Bg2 d6 5.Nf3 O-O 6.O-O Nc6 7.Nc3 e5 8.d5 Ne7
9.e4 Nd7 10.b4 a5 11.Ba3 axb4 12.Bxb4 h6 13.a4 f5 14.a5 Nf6 15.exf5 gxf5
16.c5 e4 17.cxd6 cxd6 18.Nd4 Ne8 19.Rb1 Nc7 20.Ndb5 Nexd5 21.Nxd5 Nxb5 22.Nb6 Be6
23.Nxa8 Qxa8 24.Qd2 Rd8 25.Rfd1 Rd7 26.Qe3 d5 27.Qc5 Na7 28.Bc3 Bf8 29.Qd4 Bg7
30.Qb6 Nc6 31.Bxg7 Rxg7 32.Rdc1 Bd7 33.Qxb7 Qxb7 34.Rxb7 Nxa5 35.Rb8+ Kh7
36.Rc5 Nc6 37.Rb6 Ne7 38.Rb7  1-0

[Event "Balatonbereny op"]
[Site "Balatonbereny"]
[Date "1995.??.??"]
[Round "5"]
[White "Trichkov, Vasil"]
[Black "Videki, Sandor"]
[Result "1-0"]
[WhiteElo "2420"]
[BlackElo "2470"]

1.d4 Nf6 2.Nf3 g6 3.g3 Bg7 4.Bg2 O-O 5.c4 d6 6.O-O Nc6 7.Nc3 a6 8.Be3 Ng4
9.Bf4 Nxd4 10.Nxd4 e5 11.e3 exf4 12.exf4 c6 13.Qd2 Qb6 14.Rad1 Rd8 15.b3 Nf6
16.h3 a5 17.Rfe1 Nd7 18.f5 Nc5 19.Ne4 Nxe4 20.Rxe4 d5 21.cxd5 cxd5 22.Ne2 Bxf5
23.Ra4 Qd6 24.Nc3 Bxc3 25.Qxc3 b6 26.a3 Bd7 27.Rf4 Re8 28.Rf6 Qb8 29.Qf3 Rf8
30.Re1 Ra7 31.h4 Re8 32.Rxe8+ Bxe8 33.h5 Re7 34.h6 Re1+ 35.Kh2 Qe5 36.Rxb6 Qg5
37.Qf4 Qh5+ 38.Qh4 Qxh4+ 39.gxh4  1-0

[Event "Oberliga Bayern9596"]
[Site "Bayern"]
[Date "1995.??.??"]
[Round "?"]
[White "Unzicker, Ferdinand"]
[Black "Hirn, Oskar"]
[Result "1-0"]
[WhiteElo "2215"]
[BlackElo "2190"]

1.d4 Nf6 2.c4 g6 3.Nf3 Bg7 4.g3 O-O 5.Bg2 d6 6.Nc3 Nc6 7.O-O e5 8.d5 Ne7
9.c5 Ne8 10.cxd6 Nxd6 11.Qb3 Nef5 12.e3 Re8 13.Rd1 h6 14.a4 g5 15.Bd2 a6
16.Be1 Bd7 17.Rdc1 Rc8 18.Rc2 c5 19.dxc6 Bxc6 20.Rd1 g4 21.Nd2 Bxg2 22.Kxg2 Qc7
23.Rdc1 Qb8 24.Nde4 b5 25.axb5 Nxe4 26.Nxe4 Rxc2 27.Qxc2 Qxb5 28.Qc6 Ne7
29.Qxb5 axb5 30.Rc5 Rb8 31.Ba5 f5 32.Nd6 b4 33.Nc4 f4 34.gxf4 exf4 35.exf4 b3
36.Bc7 Rc8 37.Nb6 Re8 38.Be5 Ng6 39.Nc4 h5 40.Bxg7 Kxg7 41.f5 Nf4+ 42.Kg3 Re4
43.Kh4 Rd4 44.Kg5 Nh3+ 45.Kxh5 Nxf2 46.Ne3 Kf6 47.Rc6+ Kf7 48.Nc4 Ne4 49.Ne5+ Ke7
50.Kg6 Rd2 51.Re6+ Kd8 52.Nf7+ Kc7 53.Rxe4 Rxb2 54.Re3 Rxh2 55.Rxb3 Rh3 56.Rb4  1-0

[Event "Oberliga Bayern9495"]
[Site "Bayern"]
[Date "1995.??.??"]
[Round "3"]
[White "Tischer, Guenter"]
[Black "Kuraszkiewicz, Michael"]
[Result "1/2-1/2"]
[WhiteElo "2330"]
[BlackElo "2325"]

1.d4 Nf6 2.Nf3 g6 3.c4 Bg7 4.g3 O-O 5.Bg2 d6 6.Nc3 Nc6 7.d5 Na5 8.Nd2 c5
9.O-O a6 10.Qc2 Rb8 11.b3 b5 12.Bb2 e5 13.e4 Nh5 14.Rae1 Bh6 15.Ncb1 Bd7
16.Bc3 f5 17.exf5 gxf5 18.Qd1 Nf6 19.f4 e4 20.h3 Bg7 21.Qc2 h5 22.Re3 Rf7
23.Rf2 Qb6 24.Bf1 b4 25.Bb2 Nxd5 26.cxd5 c4 27.Rfe2 c3 28.Nxc3 bxc3 29.Bxc3 Rc8
30.Nb1 Bxc3 31.Nxc3 Bb5 32.Qd2 Bxe2 33.Bxe2 Qb4 34.Nxe4 Qxd2 35.Nxd2 Rc2
36.Nf3 Rxa2 37.Ng5 Rb7 38.Bxh5 Nxb3 39.Re8+ Kg7 40.Ne6+ Kh7 41.Ng5+ Kg7 42.Ne6+ Kh7
43.Ng5+ Kg7 44.Ne6+  1/2-1/2

[Event "Regionalliga SW9495"]
[Site "Bayern"]
[Date "1995.??.??"]
[Round "6"]
[White "Koller, Werner"]
[Black "Wiest, Franz"]
[Result "0-1"]
[WhiteElo "1980"]
[BlackElo "2000"]

1.Nf3 d6 2.d4 Nf6 3.g3 g6 4.c4 Bg7 5.Bg2 O-O 6.O-O Nbd7 7.Nc3 c5 8.d5 a6
9.Qc2 Rb8 10.a4 Ng4 11.Nd2 h5 12.h3 Nh6 13.e4 Nf6 14.a5 Bd7 15.Nf3 Qc8 16.Kh2 b5
17.axb6 Rxb6 18.Ra3 Qb7 19.Nh4 Rb8 20.f4 Ne8 21.Ra2 Rb4 22.e5 dxe5 23.fxe5 Bf5
24.Nxf5 Nxf5 25.Rxf5 gxf5 26.Qxf5 Qc8 27.Qxh5 R8b6 28.Be4 Rxc4 29.Bf5 Qb8
30.e6 Nf6 31.Qxf7+ Kh8 32.h4 Rxh4+ 33.Kg2 Rh5 34.Be4 Rb4 35.Bf3 Rh7 36.Qxe7 Qe5
37.Qd8+ Ng8 38.Bf4 Qe1 39.g4 Bd4 40.Bg3 Qg1+  0-1

[Event "Regionalliga SW9495"]
[Site "Bayern"]
[Date "1995.??.??"]
[Round "7"]
[White "Rinkewitz, Werner"]
[Black "Weissenburger, Josef"]
[Result "1/2-1/2"]
[WhiteElo "1860"]
[BlackElo "1980"]

1.d4 Nf6 2.Nf3 d6 3.c4 g6 4.g3 Bg7 5.Bg2 O-O 6.O-O Nbd7 7.Nc3 c6 8.e4 Qc7
9.h3 e5 10.Be3 Re8 11.Qc2 exd4 12.Nxd4 Nb6 13.b3 Qe7 14.Rad1 Nbd7 15.Rfe1 Ne5
16.Kh2 Nh5 17.Qd2 Bf8 18.f4 Nd7 19.g4 Ng7 20.g5 f6 21.h4 Nc5 22.b4 Nce6 23.Qf2 Qf7
24.Nde2 Nh5 25.Ng3 Neg7 26.Nxh5 Nxh5 27.Bf1 fxg5 28.hxg5 Be6 29.c5 dxc5 30.bxc5 Bg7
31.Ne2 Bg4 32.Bg2 Rf8 33.Bf3 Bxf3 34.Qxf3 Qxa2 35.f5 Be5+ 36.Kg1 Rad8 37.f6 Rxd1
38.Rxd1 Qb3 39.Rd7 a5 40.Re7 Qa2 41.Bc1 Qa1 42.Qb3+ Kh8 43.Qxb7 Bxf6 44.gxf6 Nxf6
45.e5 Nh5 46.e6 Kg8 47.Rf7 Rd8 48.Qe7  1/2-1/2

[Event "Tan Cup"]
[Site "Beijing"]
[Date "1995.??.??"]
[Round "9"]
[White "Stangl, Markus"]
[Black "Peng Xiaomin"]
[Result "1-0"]
[WhiteElo "2560"]
[BlackElo "2510"]

1.Nf3 Nf6 2.c4 g6 3.d4 Bg7 4.g3 O-O 5.Bg2 d6 6.O-O Nbd7 7.Qc2 e5 8.Rd1 Re8
9.Nc3 exd4 10.Nxd4 Nc5 11.b4 Ne6 12.Nb3 Qe7 13.e4 c6 14.h3 h6 15.f4 Nh5 16.Rd3 a5
17.bxa5 Nc5 18.Nxc5 dxc5 19.Bb2 Bd4+ 20.Kh2 Rxa5 21.Na4 Bxb2 22.Nxb2 Be6
23.a4 Raa8 24.Rad1 Rad8 25.Qb3 Rxd3 26.Qxd3 Qc7 27.Qa3 Qb6 28.Rd3 Qb4 29.Rb3 Qxa3
30.Rxa3 Rd8 31.Rb3 Bc8 32.a5 Ng7 33.g4 Ne6 34.f5 Nf4 35.Bf3 Kg7 36.Kg3 g5
37.e5 h5 38.gxh5 Re8 39.h4 Kh6 40.Kg4 Nxh5 41.hxg5+  1-0

[Event "Belfort"]
[Site "Belfort"]
[Date "1995.??.??"]
[Round "7"]
[White "Relange, Eloi"]
[Black "Apicella, Manuel"]
[Result "1/2-1/2"]
[WhiteElo "2420"]
[BlackElo "2505"]

1.d4 Nf6 2.Nf3 g6 3.c4 Bg7 4.g3 O-O 5.Bg2 d6 6.O-O Nbd7 7.Nc3 e5 8.e4 exd4
9.Nxd4 Nc5 10.h3 Re8 11.Re1 Bd7 12.Rb1 h6 13.Kh2 a6 14.a4 a5 15.Ndb5 Bc6
16.f3 Nfd7 17.Be3 b6  1/2-1/2